Red Dead Redemption 1 Mission Quiz - Statistics

General Stats
  • This quiz has been taken 19 times
  • The average score is 21 of 57
Answer Stats
Chapter Mission Strand Mission Hint % Correct
New Austin Exodus in America Arrive in New Austin and confront Bill.
90%
Bonnie MacFarlane New Friends, Old Problems Help Bonnie patrol the Ranch.
70%
Hanging Bonnie MacFarlane Travel to Tumbleweed for a prisoner exchange.
60%
Justice in Pikes Basin Kill the cattle rustlers at Pikes Basin.
60%
On Shaky's Ground Sneak into Thieves Landing to save Irishs associate, Shaky.
60%
The Assault on Fort Mercer Attack Fort Mercer with your allies.
60%
The Burning The MacFarlanes barn is on fire.
60%
The Last Enemy That Shall Be Destroyed Defend Beechers Hope and protect your family.
60%
A Tempest Looms Control a cattle herd during a storm.
50%
Harold MacDougal At Home With Dutch Travel to Cochinay with Harold and Nastas to locate Dutch.
50%
The Gates of El Presidio Attack El Presidio to apprehend Javier.
50%
Beechers Hope Abigail Marston The Outlaw's Return Return to Beecher's Hope and buy some cattle from the Macfarlanes.
50%
This is Armadillo, USA Deliver a wagon to Armadillo.
50%
Irish A Frenchman, a Welshman, and an Irishman Find Irish and ask for a machine gun.
40%
An Appointed Time Launch an all-out assault on Escalera.
40%
And The Truth Will Set You Free Breach Cochinay and confront Dutch.
40%
And You Will Know The Truth Begin the assault on Dutch's gain via truck-mounted machine gun.
40%
Captain De Santa's Downfall Travel to Sepulcro to confront De Santa.
40%
Cowards Die Many Times De Santas betrayal.
40%
Great Men are Not Always Wise Confront Dutch during his bank robbery.
40%
Jack Marston John Marston and Son Take Jack elk hunting.
40%
Luisa Fortuna My Sisters Keeper Escort Luisa's sister by wagon.
40%
Old Friends, New Problems Travel with Abigail to deliver corn to the MacFarlanes.
40%
Nigel West Dickens Old Swindler Blues Find Nigel wounded.
40%
Pestilence Shoot the crows eating your corn.
40%
Spare the Rod, Spoil the Bandit Investigate the gang violence near Ridgewood.
40%
Abraham Reyes The Great Mexican Train Robbery Stealthily detach the train cars.
40%
Landon Ricketts The Gunslinger's Tragedy Meet Landon and practice shooting with him.
40%
The Prodigal Son Returns (To Yale) After being attacke by Dutch, help Harold flee.
40%
Wild Horses, Tamed Passions Travel to New Austin to tame some horses.
40%
Women and Cattle Help Bonnie herd cattle.
40%
A Gentle Drive with Friends Drive a wagon while Seth searches corpses.
30%
Nuevo Paraiso De Santa Civilization, at Any Price Escort, then recapture a train from rebels.
30%
Seth Briars Exhuming and Other Fine Hobbies Help Seth get to Moses.
30%
Father Abraham Set an ambush by planting dynamite.
30%
Let the Dead Bury Their Dead Go to Tumbleweed for Seths Treasure.
30%
Lucky in Love Poker game in Chuparosa gone violent.
30%
Mexican Caesar Escort a train and defend it from Rebels
30%
Leigh Johnson Political Realities in Armadillo Help Johnson apprehend a gang leader.
30%
The Demon Drink Attack Tesoro Azul and burn its buildings down.
30%
The Mexican Wagon Train Help Ricketts find and liberate prisoners.
30%
A Continual Feast Tame some wild horses spotted by Uncle.
20%
West Elizabeth Edgar Ross Bear One Another's Burdens Help Ross and Fordham rescue Nastas from the Serendipity.
20%
Uncle By Sweat and Toil Tend to the herd with Uncle, and witness a train robbery.
20%
Can a Swindler Change His Spots? Save Nigel from Plainview.
20%
Empty Promises Attack Torquemada.
20%
For Purely Scientific Purposes A meeting with Dutches Gang goes wrong.
20%
Landon Ricketts Rides Again Save Luisa from the El Materdero caverns.
20%
Liars, Cheats and Other Proud Americans Horse-cart race on the cliffs.
20%
Man is Born Unto Trouble Attack Gaptooth Breach to locate the machine gun.
20%
Must a Savior Die? Save Reyes from El Presidio.
20%
Obstacles in Our Path Race Bonnie through Hennigans Stead.
20%
Spare the Love, Spoil the Child Jack has gone missing in Tall Trees.
20%
The Sport of Kings, and Liars Horse Race around Gaptooth Ridge
20%
We Shall Be Together in Paradise Get into Mexico with the help of Irish.
20%
Wolves, Dogs and Sons Take Jack wolf hunting.
20%
You Shall Not Give False Testimony, Except for Profit Help Nigel con people at Ridgewood Farm.
20%
No matching quizzes found
Score Distribution
Percent of People with Each Score
Percentile by Number Answered
Your Score History
You have not taken this quiz